=LDR 00000nam 2200000 4500 =001 INLIS000000000050062 =005 20200220123606 =035 ##$$a 0010-041700000000252 =008 200220################g##########0#ind## =020 ##$$a 978-602-9212-79-2 =040 ##$$a NBPDMAT =082 ##$$a 155.25 =090 ##$$a 155.25 $ Pit m =100 ##$$a Pitaloka, Ardiningtiyas =245 1#$$a My passion my career : $b Rahasia karier sukses bersama konsultankarir.com /$c Ardiningtiyas Pitaloka, Andin Andiyasari =260 ##$$a Solo :$b Metagraf,$c 2013 =300 ##$$a 200 hlm. : $b Ilus, ; $c 20x19 cm. =650 #4$$a Psikologi - Karir =850 ##$$a NBPDMAT =084 ##$$a 155.25 PIT m =700 #$$a Andiyasari, Andin =504 ##$$a Bibliografi : hlm. 199 - 200 =990 ##$$a 31700063 =990 ##$$a 31700064